00609nam a2200181Ia 4500008004100000082001300041100002700054245008500081250000600166260002900172300001700201500002400218650001400242700003000256942000700286952011700293999001700410230524s9999 xx 000 0 und d a533bDOM aV.M. Domkundwar942001 2aA Textbook of Fluid Mechanics & Hydraulic Machines with Introduction to fluidics a1 aDelhibDhanpat raic2012 a"XI,10.14P;" aQuantity Number: 1 aMechanics aAnand V.Domkundwar942014 cBK 00104070aTATCLbTATCLcGENd2023-05-24l1o533 DOMp60069q2025-09-30r2025-03-04s2025-03-04w2023-05-24yBK c60723d60723